The influence upon the heart of substances related to nucleic acid

Elmentve itt :
Bibliográfiai részletek
Szerzők: Szent-Györgyi Albert
Drury Alan N.
Dokumentumtípus: Cikk
Megjelent: Cambridge University Press Cambridge 1929
Sorozat:Journal of Physiology : edited for The Physiological Society 67
Online Access:http://misc.bibl.u-szeged.hu/73682
LEADER 00745nab a2200181 i 4500
001 misc73682
005 20241018131211.0
008 240108s1929 hu o 000 eng d
040 |a SZTE Miscellanea Repozitórium  |b hun 
041 |a eng 
100 2 |a Szent-Györgyi Albert 
245 1 4 |a The influence upon the heart of substances related to nucleic acid  |h [elektronikus dokumentum] /  |c  Szent-Györgyi Albert 
260 |a Cambridge University Press  |b Cambridge  |c 1929 
300 |a XXXV-XXXVi 
490 0 |a Journal of Physiology : edited for The Physiological Society  |v 67 
561 |a Szent-Györgyi Albert tudományos és egyéb írásai 
700 0 1 |a Drury Alan N.  |e aut 
856 4 0 |u http://misc.bibl.u-szeged.hu/73682/1/szgya_magyar_035.pdf  |z Dokumentum-elérés